03725naa a2200169 a 450000100080000000500110000800800410001910000210006024501020008126000090018352031390019265300280333165300080335965300160336765300200338377301520340311207812014-05-05 2013 bl uuuu u00u1 u #d1 aGARDIN, J. P. P. aPropaga????o por estaquia lenhosa do porta-enxerto de videira 'VR 043-43'.h[electronic resource] c2013 aA propaga????o vegetativa por estancia e uma forma de multiplicar porta-enxertos, mantendo as caracter??sticas da planta m??e. As ra??zes advent??cias formadas na estanca origem-se de c??lulas do periciclo por estimulo das auxinas. No entanto , ha porta-enxertos que apresentam grandes dificuldades de enraizamento, principalmente em ??pocas desfavor??veis, quando se utiliza estacas lenhosas. deste modo, o desse o objetivo desse estudo foi verificar o efeito de diferentes concerta????es de auxinas detetivescas no enraizamento de estacas lenhosas do porta-enxerto 'VR043-43' submetidas a diferentes les??es na base da estaca. O trabalho foi realizado em casa de vegeta????o, com 18 tratamentos, dispostos em esquema fatorial 1x3x2x3, um porta enxerto , tr??s les??es (raspagem, cunha e sem les??o), dois tipos de auxina sint??tica (aib e ana ) e tr??s doses (0,1500 e 3000 mg L), com quatro repudia????es. o material vegetativo foi coletado de plantas dormentes, cortadas com aproximadamente 35 cm de comprimento e di??metro entre 8 w 10 mm. na base de cada estaca foi realizado um corte transversal, 0,5 cent??metros abaixo da ultima gema. J?? no ??pice da estaca o corte foi em bisel, 3 cent??metros acima da ultima gema. foram submetidas a estratifica????o por 10 dias em c??mara de resfriamento, com uma temperatura media de 2C1. Apos esse per??odo, foram feitas diferentes les??es longitudinais na base das estacas para posterior tratamento com regulador de crescimento e acondicionadas em leitor de areia, em uma estrutura com controle de temperatura. apos 60 dias da instala????o do experimento avaliou-se a porcentagem de enraizamento, numero, comprimento e mat??ria fresca das ra??zes. Verifica-se para todos os fatores analisado que ?? fundamental a les??o na base estaca para a propaga????o do porta-enxerto "VR043-43", sendo que as les??es em raspagem e cunha n??o diferem entre si para o fator enraizamento. Quando foram confrontadas as doses dos reguladores, verificou-se um incremento significativo, sendo que, quando a dose aumenta de 1500 para 3000 mg L, n??o observa-se diferen??as significativas. para os fatores n??meros e massa fresca de ra??zes, quando a natureza da les??o e em cunha, melhores resultados ocorrem quando utiliza-se a dose de 3000 ngL. Quando foi utilizada a les??o em raspagem para ambas as vari??veis em estudo, notou-se um incremento ate na concentra de 1500mgL. Para a vari??vel comprimento de ra??zes, a intera????o n??o foi significativa, sendo que n??o ocorreu diferen??as entre os reguladores aib E ana. deve-se fazer les??o (raspagem, cunha) na estaca, em seguida a aplica????o do regulador, sendo que les??es em raspagem e cunha nao se diferenciam. deve fazer les??o na estaca do porta enxerto ' VR-043-43' em seguida a aplica????o de fitorm??nios. Os reguladores ANA e AIB expressam mesmos resultados para as vari??veis analisadas. Quando a les??o for em raspagem deve-se utilizar a dose de 1500 mgL, pois doses superiores expressam mesmo resultado. Ao utilizar a les??o em cunha para os fatores numero e massa fresca de ra??zes deve-se aplicar os reguladores na dose de 3000 mgL. aDIST??RBIO FISIOL??GICO aUva aVITICULTURA aVITIS VIN??FERA tIn: ENCONTRO NACIONAL SOBRE FRUTICULTURA DE CLIMA TEMPERADO - ENFRUTE, 13., 2013, FRAIBURGO, SC. Anais... Florian??polis, SC: Epagri, 2013. p. 183.